000 00870nam a2200277 a 4500
003 AR-BaBNM
005 20251128210534.0
008 082120s2002 ||||||||||||||000 | spa||
020 _a950-658-068-5
040 _cAR-BaBNM
100 1 _aPastor, Nancy
245 0 0 _aAportes para una historia de la Universidad Nacional del Centro de la provincia de Buenos Aires
260 _aBuenos Aires
_bUniversidad Nacional del Centro de la Provincia de Buenos Aires
_c1999
300 _a185 p.
_bil., gráfs.
500 _aContiene referencias bibliográficas
650 4 _aHISTORIA ARGENTINA
650 4 _aHISTORIA DE LA EDUCACION
650 4 _aUNIVERSIDADES
650 4 _aESTADO Y EDUCACION
650 4 _aSIGLO VEINTE
650 4 _aORGANIZACION DE LA EDUCACION
651 4 _aBuenos Aires [Provincia]
651 4 _aArgentina
942 _cBK
998 _cMariana
999 _c15857
_d15857